000 00692nam a2200217 i 4500
001 63592
003 ES-MaACL
005 20250725062533.0
007 t|
008 031212s1918 xxu ||||1| eng d
100 1 _aFerry, Ervin S.
_950607
245 1 2 _aA handbook of physics measurements /
_cby Ervin S. Ferry ; in collaboration with O.W. Silvey, G.W. Sherman.
250 _a1st ed.
260 _aNew York :
_bJohn Wiley and Sons,
_c1918 (
_eBoston :
_fF. H. Gilson company)
300 _a2 v. :
_bil. ;
_c21 cm.
650 0 7 _aFĂ­sica
_2embne
_912877
700 1 _aSilvey, O. W.
_9106450
700 1 _aSherman, G. W.
_9106100
852 _aES-MaACL
_jB-2364-5
999 _c63592
_d63592